[Event "DESC PT2001 (GG) email"]
[Site "DESC email"]
[Date "2001.05.10"]
[Round "?"]
[White "Fischer, Ronald"]
[Black "Sawicki, Sebastian"]
[Result "1-0"]
[WhiteElo "1793"]
[BlackElo "1200"]
[PlyCount "37"]
[EventDate "2001.??.??"]
[EventType "swiss (corr)"]
[EventRounds "10"]
[EventCountry "GER"]
[SourceTitle "Corr 2004"]
[Source "ChessBase"]
[SourceDate "2003.04.28"]
[SourceVersion "3"]
[SourceVersionDate "2003.04.28"]
[SourceQuality "1"]

1. e4 g6 2. d4 Bg7 3. f4 d5 4. e5 f6 5. Nf3 Nh6 6. c4 b6 7. Nc3 dxc4 8. Bxc4 Bb7 9. d5 Ng4 10. Nd4 f5 11. Ne6 Qd7 12. Nxg7+ Kd8 13. Ne6+ Kc8 14. h3 Nh6 15. Qb3 a6 16. Be3 Nf7 17. Bxb6 cxb6 18. Na4 b5 19. Nb6# 1-0

[Event "DESC S0019 email"]
[Site "DESC email"]
[Date "2000.11.15"]
[Round "1"]
[White "Krahl, Wolfgang"]
[Black "Sawicki, Sebastian"]
[Result "0-1"]
[WhiteElo "1200"]
[BlackElo "1200"]
[PlyCount "54"]
[EventDate "2000.??.??"]
[EventType "swiss (corr)"]
[EventRounds "4"]
[EventCountry "GER"]
[SourceTitle "Corr 2004"]
[Source "ChessBase"]
[SourceDate "2003.04.28"]
[SourceVersion "3"]
[SourceVersionDate "2003.04.28"]
[SourceQuality "1"]

1. f4 g6 2. Nf3 Bg7 3. g3 b6 4. e4 Bb7 5. Bg2 Bxe4 6. d3 Bc6 7. 0-0 Nh6 8. Ne5 Bxg2 9. Kxg2 d6 10. Nc4 Qd7 11. Qf3 d5 12. Ne3 c6 13. c3 Na6 14. f5 g5 15. f6 exf6 16. h4 g4 17. Qf4 Nc5 18. d4 Nd3 19. Qxh6 Bxh6 20. Rxf6 Bg7 21. Rf1 Qd6 22. Nf5 Qf6 23. Ne3 Qe6 24. Rf5 Nxc1 25. Nd2 Qxe3 26. Rxc1 Qxd2+ 27. Rf2 Qxc1 0-1